| 000 | 00884nac a22002531u 4500 | ||
|---|---|---|---|
| 010 | _a 91004192 | ||
| 020 | _a0471517615 (cloth) | ||
| 020 | _a0471559148 | ||
| 082 | 0 | 0 |
_a541.395 _bG2591 |
| 090 |
_c4483 _d4483 |
||
| 100 | _aGates, Bruce C. | ||
| 245 | 1 | 0 |
_aCatalytic chemistry / _cBruce C. Gates. |
| 260 |
_aNew York : _bWiley, _cc1992. |
||
| 300 |
_axxi, 458 p. : _bill. ; _c25 cm. |
||
| 500 | _aincludes chemical table elements | ||
| 504 | _aIncludes bibliographical references and index. | ||
| 650 | 0 | _aCatalysis. | |
| 856 | 4 | 2 |
_3Publisher description _uhttp://www.loc.gov/catdir/description/wiley032/91004192.html |
| 856 | 4 | 2 |
_3Table of Contents _uhttp://www.loc.gov/catdir/toc/onix02/91004192.html |
| 942 |
_cBB _k541.395G2591 _hRDA-MOD |
||
| 999 |
_c4483 _d4483 |
||
| 336 |
_2rdacontent _atext _btxt |
||
| 337 |
_aunmediated _2rdamedia _bn |
||
| 338 |
_avolume _bnc _2rdacarrier |
||